INVETMENT ANAIYSiS AND PORTTOIiO SEIECTiON (Record no. 11403)

MARC details
000 -LEADER
fixed length control field 00429nam a22001817a 4500
003 - CONTROL NUMBER IDENTIFIER
control field OSt
005 - DATE AND TIME OF LATEST TRANSACTION
control field 20211011115732.0
008 - FIXED-LENGTH DATA ELEMENTS--GENERAL INFORMATION
fixed length control field 211011b |||||||| |||| 00| 0 eng d
020 ## - INTERNATIONAL STANDARD BOOK NUMBER
International Standard Book Number 0538064404
040 ## - CATALOGING SOURCE
Transcribing agency HU
082 ## - DEWEY DECIMAL CLASSIFICATION NUMBER
Classification number 332.6
100 ## - MAIN ENTRY--PERSONAL NAME
Personal name PiTCHiE PHiIIiPS,
9 (RLIN) 12312
245 ## - TITLE STATEMENT
Title INVETMENT ANAIYSiS AND PORTTOIiO SEIECTiON
250 ## - EDITION STATEMENT
Edition statement ED
260 ## - PUBLICATION, DISTRIBUTION, ETC.
Place of publication, distribution, etc. AMERiCA
Name of publisher, distributor, etc. WESTERN
Date of publication, distribution, etc. 1983
300 ## - PHYSICAL DESCRIPTION
Extent 817
942 ## - ADDED ENTRY ELEMENTS (KOHA)
Source of classification or shelving scheme Dewey Decimal Classification
Koha item type Books like text book referance book
Suppress in OPAC No
Holdings
Withdrawn status Lost status Source of classification or shelving scheme Damaged status Not for loan Home library Current library Shelving location Date acquired Total Checkouts Full call number Barcode Date last seen Copy number Price effective from Koha item type
    Dewey Decimal Classification     College of Business and Economics Library College of Business and Economics Library General Stacks 10/11/2021   332.6/PHI MBEIJB 000001182 10/11/2021 1 10/11/2021 Books like text book referance book